000 00799nam a22002537a 4500
003 UA-OsUOA
001 41132
007 ta
008 20060918b un ||||| |||| 00| 0 ukr d
090 _a004
_bИ-11
942 _cMG
040 _aUA-OsUOA
_brus
_cUA-OsUOA
_dUA-OsUOA
245 _aИнформационное общество
_bУчредители: Институт развития информационного общества, Российская инженерная академия
_cГлав. ред. Хохлов Ю.Е.
300 _a80 с.
955 _a4
041 _arus
080 _a004
022 _a1605-9921
260 _aМ.
044 _aRU
962 _a1989
099 _a70264
650 7 _a00 Загальні питання науки і культури
_2UDC
999 _c327268
_d327268